Highest Scores in International Cricket 2023 - Statistics

General Stats
  • This quiz has been taken 57 times
  • The average score is 12 of 30
Answer Stats
Format Score Country Answer % Correct
One Day 166* India Virat Kohli
86%
One Day 201* Australia Glenn Maxwell
80%
T 20 104* Australia Glenn Maxwell
80%
T 20 101* Pakistan Babar Azam
78%
One Day 208 India Shubman Gill
78%
T 20 126* India Shubman Gill
78%
Tests 215 New Zealand Kane Williamson
73%
One Day 174 South Africa Quinton de Kock
55%
One Day 177* Australia Mitchell Marsh
51%
T 20 112* India Suryakumar Yadav
49%
One Day 182 England Ben Stokes
45%
One Day 180* Pakistan Fakhar Zaman
43%
Tests 245 Sri Lanka Kusal Mendis
41%
Tests 189 England Zak Crawley
37%
One Day 175 South Africa Aiden Markram
33%
Tests 195 Australia Usman Khawaja
33%
Tests 205 England Ollie Pope
31%
T 20 119 England Phil Salt
31%
T 20 109* England Phil Salt
31%
T 20 123* India Ruturaj Gaikwad
27%
Tests 208 Pakistan Saud Shakeel
25%
One Day 174 South Africa Heinrich Klaasen
24%
Tests 201 Pakistan Abdullah Shafique
16%
T 20 118 West Indies Johnson Charles
16%
T 20 110 Australia Josh Inglis
16%
One Day 169 Bangladesh Soumya Sarkar
14%
Tests 200 New Zealand Henry Nicholls
12%
Tests 207* West Indies Tagenarine Chanderpaul
10%
T 20 104* New Zealand Mark Chapman
6%
Tests 205 Sri Lanka Nishan Madushka
0%
No matching quizzes found
Score Distribution
Percent of People with Each Score
Percentile by Number Answered
Your Score History
You have not taken this quiz